Škola mladých komunistov : študijné texty pre poslucháčov dvojročného útvaru straníckeho vzdelávania Škola mladých komunistov /

Uložené v:
Podrobná bibliografia
Hlavný autor: Viceník, Stanislav (Author)
Médium: Kniha
Jazyk:Slovak
Vydané: Bratislava : Pravda, 1986.
Vydanie:1. vyd.
ISBN: (brož.)
Fyzický popis: 351 s.
Tagy: Pridať tag
Žiadne tagy, Buďte prvý kto otaguje tento záznam!

MARC

LEADER 00000nam a2200000 a 4500
001 000155421
005 20120809210002.0
008 980105s1986 xo f slo d
020 |a (brož.)  |c Kčs 22,00 
040 |a SVKKK  |b slo  |c SVKKK  |e AACR2 
041 0 |a slo 
044 |a xo  |c SK 
245 0 0 |a Škola mladých komunistov :  |b študijné texty pre poslucháčov dvojročného útvaru straníckeho vzdelávania Škola mladých komunistov /  |c Stanislav Viceník ... [et al.]. 
250 |a 1. vyd. 
260 |a Bratislava :  |b Pravda,  |c 1986. 
300 |a 351 s. 
700 1 |a Viceník, Stanislav  |4 aut 
910 |a svkkk 
998 |a BK 
090 |g SCKHL  |k Sklad Pribinova 2. posch.  |a II.296147  |j 724598  |i 2720113305  |s Absenčne 
090 |g SCKHL  |k Sklad Pribinova 2. posch.  |a II.296148  |j 724599  |i 155421-20  |s Absenčne 
090 |g SCKHL  |k Sklad Pribinova 2. posch.  |a II.296149  |j 724600  |i 220228-10  |s Absenčne 
090 |g SCKHL  |k Sklad Pribinova 2. posch.  |a II.296150  |j 724601  |i 220229-10  |s Absenčne 
090 |g SCKHL  |k Sklad Pribinova 2. posch.  |a II.307906  |j 729209  |i B252615  |s Absenčne